Doña Blanca de Navarra : crónica del siglo XV /

Na minha lista:
Detalhes bibliográficos
Autor principal: Navarro Villoslada, Francisco (autor)
Formato: Livro
Idioma:espanhol
Edição:Nueva ed.
Assuntos:
Tags: Adicionar Tag
Sem tags, seja o primeiro a adicionar uma tag!

MARC

LEADER 00000nam^a2200000^a^4500
001 000359994
005 20250526000000.0
008 100713 19061947
009 20260310115411.595
037 |a Acervo ITESO - Biblioteca 
041 |a ESP 
082 |a 863.  |b NAV 
100 |a Navarro Villoslada, Francisco  |e (autor) 
240 1 1 |a [Doña Blanca de Navarra] 
245 1 0 |a Doña Blanca de Navarra :  |b crónica del siglo XV /  |c F. Navarro Villoslada. 
250 |a Nueva ed. 
264 |a Madrid, España :  |b Librería Religiosa de Enrique Hernández,  |c 1906 
300 |a 589 p. ;  |c 21.5 cm. 
336 |a texto  |b txt  |2 rdacontenido 
337 |a sin mediación  |b n  |2 rdamedio 
338 |a volumen  |b nc  |2 rdasoporte 
649 |a XX 
650 |a Reyes Navarros 
650 |a Mujeres Navarras 
650 |a Novela Española 
650 |a Novela Histórica -  |z España 
650 |a Literatura Española -  |y Siglo XIX 
650 |a Literatura e Historia -  |z España 
650 |a España -  |x Historia -  |y Siglo XV 
650 |a España -  |x Historia -  |y Período Arabe, 711-1492 
650 |a Europa -  |x Historia -  |y 476-1492 
650 |a Blanca I, Reina de Navarra 
910 |a Fondo General 
920 |a Impresos - Libros 
930 |a Libros Antiguos y Raros 
940 |a Literatura 
905 |a 108 
901 |a 0500253649  |b IT2  |c LRA  |i D71326  |u 20250526 
902 |a https://opac.biblio.iteso.mx/vufind/Record/000359994